El misterioso mundo de los sueños, causas e interpretaciones /
Guardado en:
| Autor Principal: | |
|---|---|
| Formato: | Libro |
| Publicado: |
Barcelona :
Ed. Zeus,
1965
|
| Materias: | |
| Etiquetas: |
Agregar Etiqueta
Sin Etiquetas, Sea el primero en etiquetar este registro!
|
| LEADER | 00469nam a22001575a 4500 | ||
|---|---|---|---|
| 001 | EHU.bham001421 | ||
| 003 | AR-BHAM | ||
| 005 | 20070315174404.0 | ||
| 008 | 130507s1965##################000#0#####d | ||
| 082 | 1 | 3 | |a 135 |
| 100 | 1 | |a Sonnet, Andre | |
| 245 | 1 | 0 | |a El misterioso mundo de los sueños, causas e interpretaciones / |c Andre Sonnet. |
| 260 | |a Barcelona : |b Ed. Zeus, |c 1965 | ||
| 300 | |a 299 p. | ||
| 653 | |a SueÑos | ||
| 859 | |a AR-BHAM |b BIB. HUMANIDADES - General |h 135 |i So59 |p 394.69 |t Ej.1 | ||
